Ekonomika a riadenie priemyslu rezortný odborný časopis pre ekonomiku Ministerstva priemyslu SSR

Saved in:
Bibliographic Details
Format: Serial
Language:Slovak
Published: Bratislava Ústav ekonomiky a riadenia priemyslu 1985
Tags: Add Tag
No Tags, Be the first to tag this record!

MARC

LEADER 00000nas2a2200000 4500
001 s105699
005 20200722090849.7
041 0 |a slo 
044 |a SK 
245 1 0 |a Ekonomika a riadenie priemyslu  |b rezortný odborný časopis pre ekonomiku Ministerstva priemyslu SSR 
264 1 |a Bratislava  |b Ústav ekonomiky a riadenia priemyslu  |c 1985 
300 |a 1 zv. 
773 0 |w eu_un_cat*s121049